[Event "IECC CL7-2000.21"]
[Site "IECC email"]
[Date "2000.03.17"]
[Round "?"]
[White "Gannon, Nirvana"]
[Black "Mitchell, TT."]
[Result "0-1"]
[WhiteElo "982"]
[BlackElo "954"]
[PlyCount "58"]
[EventDate "2000.??.??"]
[EventType "tourn (corr)"]
[EventRounds "4"]
[SourceTitle "Corr 2008"]
[Source "ChessBase"]
[SourceDate "2008.06.24"]
[SourceVersion "1"]
[SourceVersionDate "2008.06.24"]
[SourceQuality "1"]

1. Nf3 e6 2. d4 Nc6 3. c4 Bb4+ 4. Nc3 Nge7 5. a3 Bxc3+ 6. bxc3 Na5 7. e4 b6 8. Nd2 Bb7 9. a4 0-0 10. Ba3 d6 11. Bd3 Bc6 12. 0-0 Ng6 13. g3 e5 14. Bb4 Qd7 15. d5 Bb7 16. Bxa5 bxa5 17. Nb3 Bc8 18. f3 Qh3 19. Rf2 Ba6 20. c5 Bxd3 21. Qxd3 Qc8 22. Nxa5 Rb8 23. Nc6 Rb3 24. Nxa7 Qb7 25. Nb5 dxc5 26. Qc4 Rxb5 27. axb5 h5 28. Rfa2 Qc8 29. Kg2 Qd8 0-1